Derecho constitucional comparado : tomo ii /

Guardado en:
Autor Principal: Bidart Campos, Germán J.
Otros Autores: Carnota, Walter F.
Formato: Libro
Publicado: Buenos Aires : Ediar, 2001
Materias:
Etiquetas: Agregar Etiqueta
Sin Etiquetas, Sea el primero en etiquetar este registro!
LEADER 01060nam a22002055a 4500
001 CEM.cems013311
005 20100319115654.0
008 130507s2001##################000#0#####d
003 CEMS
020 |a 9505471391 
082 0 4 |a 342 
100 1 |a Bidart Campos, Germán J. 
245 1 0 |a Derecho constitucional comparado :  |b tomo ii /  |c Germón Bidart Campos y Walter F. Carnota 
260 |a Buenos Aires :  |b Ediar,  |c 2001 
300 |a 282 p. 
505 0 |a Los derechos humanos -- Predominio y crisis de los excesos del poder ejecutivo -- Los parlamentos -- El poder judicial -- División de poderes -- Formas de gobierno y de designación de los gobernantes -- Limitaciones al poder -- El federalismo -- Partidos políticos -- Fuerzas políticas -- Las ideologías constitucionales -- Las transiciones políticas -- El horizonte afroasiatico -- La constitución ecónomica -- Las relaciones internacionales 
653 |a Derecho 
653 |a Derecho constitucional 
700 1 |a Carnota, Walter F. 
859 |a CEMS  |b BIB. CEMS - 11 de abril  |h 342  |i B473  |p 25512.08  |t Ej.1  |v II  |3 II